African chordates (medium difficulty) - Statistics

General Stats
  • This quiz has been taken 2 times
  • The average score is 13 of 16
Answer Stats
Picture Answer % Correct
Aardwolf
100%
African bullfrog
100%
African fish eagle
100%
African penguin
100%
Bat eared fox
100%
Fossa
100%
Gerenuk
100%
Grey crowned crane
100%
Indri
100%
Nile monitor
100%
Panther chameleon
100%
Sand cat
100%
Red billed oxpecker
50%
Agama
0%
Algerian ribbed newt
0%
Tilapia
0%
No matching quizzes found
Score Distribution
Percent of People with Each Score
Percentile by Number Answered
Your Score History
You have not taken this quiz